书目信息 |
| 书名: | The Penguin wordmaster dictionary | |
| 作者: | ||
| 分册号: | ||
| 分册名: | 出版地: | Harmondsworth, Middlesex : |
|
| 出版社: | Penguin Books | |
| 出版时间: | 1987. | |
| 页数: | xxiii, 839 p. : | |
| 开本: | 20 cm. | |
| 丛书名: | ||
| 中图分类号: | ||
| 科图分类号: | ||
| 其他分类号: | H313-61 | |
| 主题词: | ||
| 电子资源: | ||
| 000 | 00685nam 2200229 a 4500 | |
| 001 | E0760481279 | |
| 005 | 20070302164838.32 | |
| 008 | 001 0 eng | |
| 008 | uu | |
| 008 | uu | |
| 040 | @aNLC | |
| 049 | @aN5LA | |
| 090 | @a2G-88/H316/P393//////830348/*985228/ cop.2 | |
| 090 | @aH313-61 | |
| 096 | @aH316 @v2 | |
| 099 | @dH313-61@ex47 | |
| 245 | 04 | @aThe Penguin wordmaster dictionary |
| 260 | @aHarmondsworth, Middlesex :@bPenguin Books,@c1987. | |
| 300 | @axxiii, 839 p. :@bill. ;@c20 cm. | |
| 700 | 1 | @aManser, Martin H. @b00 @c20020930 @lNLC09 @h2246 @lNLC09 @h2259 @lNLC09 @h1850 |
| 852 | 9 | @bWWJC @cJ09 @k2G-88 @hH316 @iP393 |
| 852 | 9 | @bGJSS @k2G-88 @hH316 @iP393 |
| The Penguin wordmaster dictionary.-Harmondsworth, Middlesex : : Penguin Books, , 1987. |
| xxiii, 839 p. : : ill. ; ; 20 cm. |
| ISBN |
| ● |
| 相关链接 |
|
|
|
|
正题名:Penguin wordmaster dictionary
索取号:H313-61/x47
 
预约/预借
| 序号 | 登录号 | 条形码 | 馆藏地/架位号 | 状态 | 备注 |
| 1 | 184109 | 001301255 | 第四借阅区/ [索取号:H313-61/x47] | 在馆 | |
| 2 | 184110 | 001300862 | 第二样本阅览室/ [索取号:H313-61/x47] | 在馆 |